ბათუმის შოთა რუსთაველის სახელმწიფო უნივერსიტეტის ბიბლიოთეკა

American political Science Review:Volume 112, Number №1, February 2018: Table of Contents. (ბიბ.ჩანაწერი № 55379)

000 -LEADER
fixed length control field 00603nam a2200193Ia 4500
001 - CONTROL NUMBER
control field 22457
003 - CONTROL NUMBER IDENTIFIER
control field GE_BSU
008 - FIXED-LENGTH DATA ELEMENTS--GENERAL INFORMATION
fixed length control field 181216s||||||||xx |||||||||||||| ||und||
040 ## - CATALOGING SOURCE
Transcribing agency GE_BSU
245 ## - TITLE STATEMENT
Title American political Science Review:Volume 112, Number №1, February 2018: Table of Contents.
245 ## - TITLE STATEMENT
Statement of responsibility, etc. LEAD EDITOR:John Ishiyama
260 ## - PUBLICATION, DISTRIBUTION, ETC.
Place of publication, distribution, etc. Cambridge
260 ## - PUBLICATION, DISTRIBUTION, ETC.
Date of publication, distribution, etc. 2018
300 ## - PHYSICAL DESCRIPTION
Extent 200 p. 30cm.
653 ## - INDEX TERM--UNCONTROLLED
Uncontrolled term American political Science Review: Volume 112, Number №1, February 2018: Table of Contents.
653 ## - INDEX TERM--UNCONTROLLED
Uncontrolled term Периодика
653 ## - INDEX TERM--UNCONTROLLED
Uncontrolled term პერიოდიკა
942 ## - ADDED ENTRY ELEMENTS (KOHA)
Koha item type პერიოდიკა
ეგზემპლარები
Withdrawn status Lost status Damaged status Not for loan Date acquired Barcode Date last seen Price effective from Koha item type Public note
        2018-12-17 p 79335 2018-12-17 2018-12-17 პერიოდიკა პერიოდიკა